New Rules on Transfer Pricing Documentation
Vymedzenie pojmov transferová dokumentácia a transferové oceňovanie. Požiadavky na obsah a povinnosť vypracovania dokumentácie o transferovom oceňovaní. Nové pravidlá týkajúce sa dokumentácie o transferovom oceňovaní.
Uložené v:
| Hlavný autor: | |
|---|---|
| Médium: | Kapitola |
| Jazyk: | English |
| Predmet: | |
| Tagy: |
Žiadne tagy, Buďte prvý, kto otaguje tento záznam!
|
MARC
| LEADER | 00000naa$a2200000$$$4500 | ||
|---|---|---|---|
| 001 | 0260880 | ||
| 005 | 20240502074134.3 | ||
| 041 | 0 | |a eng | |
| 044 | |a SK | ||
| 245 | 1 | 0 | |a New Rules on Transfer Pricing Documentation |c Anna Harumová |
| 520 | |a Vymedzenie pojmov transferová dokumentácia a transferové oceňovanie. Požiadavky na obsah a povinnosť vypracovania dokumentácie o transferovom oceňovaní. Nové pravidlá týkajúce sa dokumentácie o transferovom oceňovaní. | ||
| 610 | 2 | 0 | |a oceňovanie transferové |
| 610 | 2 | 0 | |a dokumentácia |
| 610 | 2 | 0 | |a ceny |
| 610 | 2 | 0 | |a osoby právnické |
| 610 | 2 | 0 | |a osoby fyzické |
| 610 | 2 | 0 | |a osoby závislé |
| 100 | 1 | |a Harumová, Anna, 1955- | |